[Event "4. Torneo Puente Foral - Open A"]
[Site "Pamplona ESP"]
[Date "2009.12.03"]
[Round "3.5"]
[White "Lopez Orois, Jose Manuel"]
[Black "Monje Peinado, Roberto"]
[Result "1-0"]
[WhiteElo "2122"]
[BlackElo "2022"]
[PlyCount "65"]
[EventDate "2009.12.01"]
[EventType "swiss"]
[EventRounds "9"]
[EventCountry "ESP"]
[Source "lmi"]
[SourceDate "2009.12.01"]

1. e4 c5 2. Nf3 Nc6 3. Bb5 a6 4. Bxc6 dxc6 5. O-O Bg4 6. d3 Qc7 7. Be3 e5 8.
Nbd2 Bd6 9. h3 Bh5 10. Re1 Ne7 11. Nf1 f6 12. Ng3 Bxf3 13. Qxf3 Ng6 14. Qg4 Qd7
15. Nf5 Rg8 16. c3 Nf8 17. d4 cxd4 18. cxd4 Ne6 19. dxe5 Bxe5 20. f4 Bc7 21.
Rad1 Qf7 22. e5 h5 23. Qf3 fxe5 24. Qe4 Rd8 25. fxe5 Rxd1 26. Rxd1 Rf8 27. Nd6+
Bxd6 28. exd6 Kd7 29. Qb4 Nd8 30. Qb6 Qf6 31. Qc7+ Ke6 32. Qc8+ Kf7 33. Rf1 1-0

[Event "4. Torneo Puente Foral - Open A"]
[Site "Pamplona ESP"]
[Date "2009.12.03"]
[Round "3.6"]
[White "Sola Plaza, Gregorio"]
[Black "Vinal Gutierrez, Pedro"]
[Result "0-1"]
[WhiteElo "2036"]
[BlackElo "2130"]
[PlyCount "118"]
[EventDate "2009.12.01"]
[EventType "swiss"]
[EventRounds "9"]
[EventCountry "ESP"]
[Source "lmi"]
[SourceDate "2009.12.01"]

1. d4 Nf6 2. Nf3 e6 3. Bg5 c5 4. e3 Qb6 5. Nbd2 Qxb2 6. Bd3 cxd4 7. exd4 Be7 8.
O-O Qb6 9. c4 d6 10. c5 dxc5 11. dxc5 Qd8 12. Qc2 h6 13. Bf4 Nc6 14. Rab1 Nd5
15. Be5 Nxe5 16. Nxe5 O-O 17. Rfe1 Qc7 18. Qa4 Nc3 19. Qg4 Nxb1 20. Bxb1 f5 21.
Qg6 Bf6 22. Ndc4 Qxc5 23. a4 Bxe5 24. Nxe5 Qc3 25. Nf3 Bd7 26. Ba2 Rf6 27. Qg3
Qc2 28. Qd6 Qxa2 29. Qxd7 Qd5 30. Qc7 Rd8 31. h4 Qd7 32. Qa5 b6 33. Qb4 Qd6 34.
Qc4 Qd5 35. Qb4 Rg6 36. Qe7 Rf8 37. Kh1 Qc5 38. Qxc5 bxc5 39. Ne5 Rg4 40. Nxg4
fxg4 41. Rxe6 Rxf2 42. Kh2 Rf6 43. Re8+ Kf7 44. Rc8 Ra6 45. Rxc5 Rxa4 46. Kg3
a5 47. Rc7+ Kg6 48. Ra7 h5 49. Ra8 Ra2 50. Kf4 Rxg2 51. Ra6+ Kh7 52. Rxa5 Kh6
53. Ra8 Rf2+ 54. Ke5 Kg6 55. Ra6+ Kh7 56. Ra5 Rh2 57. Ke6 Rxh4 58. Kf7 Rh1 59.
Rf5 Kh6 0-1

[Event "4. Torneo Puente Foral - Open A"]
[Site "Pamplona ESP"]
[Date "2009.12.03"]
[Round "3.7"]
[White "Mundaca Alvarez, Juan Carlos"]
[Black "Cemborain Oricain, Alfonso"]
[Result "0-1"]
[WhiteElo "2157"]
[BlackElo "2012"]
[PlyCount "72"]
[EventDate "2009.12.01"]
[EventType "swiss"]
[EventRounds "9"]
[EventCountry "ESP"]
[Source "lmi"]
[SourceDate "2009.12.01"]

1. e4 d5 2. exd5 Qxd5 3. Nc3 Qa5 4. d4 Nf6 5. Nf3 Bf5 6. Bc4 e6 7. O-O c6 8.
Re1 Be7 9. Bf4 O-O 10. Re5 Qd8 11. Nh4 Bg4 12. Qd2 Nfd7 13. Nf3 Bxf3 14. gxf3
Nxe5 15. Bxe5 Nd7 16. Bf4 Nf6 17. Ne4 Nd5 18. Bg3 f5 19. Nc5 Bxc5 20. dxc5 f4
21. Bxd5 Qxd5 22. Bxf4 Qxf3 23. Bg3 Rad8 24. Qe1 Qd5 25. Qb4 Rd7 26. Re1 Rf5
27. c3 Kf7 28. Qh4 h6 29. b4 Qxa2 30. Be5 Qd2 31. f4 Rd3 32. Bd6 Rf6 33. f5
Qg5+ 34. Qxg5 hxg5 35. fxe6+ Rxe6 36. Be5 Rf3 0-1

[Event "4. Torneo Puente Foral - Open A"]
[Site "Pamplona ESP"]
[Date "2009.12.03"]
[Round "3.8"]
[White "Fernandez Lozano, Francesc"]
[Black "Aguinaga Ruiz, Jesus Luis"]
[Result "1-0"]
[WhiteElo "2109"]
[BlackElo "2007"]
[PlyCount "106"]
[EventDate "2009.12.01"]
[EventType "swiss"]
[EventRounds "9"]
[EventCountry "ESP"]
[Source "lmi"]
[SourceDate "2009.12.01"]

1. d4 d5 2. Bg5 f6 3. Bh4 Nc6 4. Nc3 Nh6 5. e3 Nf5 6. Bg3 Nxg3 7. hxg3 Bf5 8.
Bd3 Bxd3 9. Qxd3 g6 10. Qb5 e6 11. Qxb7 Nb4 12. Qb5+ c6 13. Qe2 Qb6 14. Nf3 Bd6
15. O-O O-O 16. a3 Na6 17. b4 Nc7 18. Na4 Qb7 19. c3 a5 20. Qc2 Rfb8 21. Rfb1
Qa6 22. Ra2 Ra7 23. Ne1 axb4 24. axb4 Qc4 25. Raa1 Nb5 26. Nb2 Qxc3 27. Rxa7
Qxc2 28. Nxc2 Nxa7 29. Nd3 Kf7 30. Ra1 Nb5 31. Ra6 Rc8 32. Nc5 Bxc5 33. bxc5
Ke7 34. Nb4 Kd7 35. Rb6 Na7 36. Na6 Nb5 37. Rb7+ Nc7 38. Nb8+ Ke8 39. Nxc6 Na6
40. Nb4 Rb8 41. Rxb8+ Nxb8 42. g4 g5 43. Kf1 Nd7 44. Ke2 Nf8 45. Kd3 Ng6 46. g3
Nh8 47. e4 dxe4+ 48. Kxe4 Kd7 49. d5 Ng6 50. dxe6+ Kxe6 51. Nd5 Ne5 52. Ne3 Nc6
53. Nf5 Ne5 1-0

[Event "4. Torneo Puente Foral - Open A"]
[Site "Pamplona ESP"]
[Date "2009.12.04"]
[Round "4.1"]
[White "Olazagoitia Rodriguez, Jose"]
[Black "Leranoz Zabalza, Adrian"]
[Result "1/2-1/2"]
[WhiteElo "2189"]
[BlackElo "2091"]
[PlyCount "79"]
[EventDate "2009.12.01"]
[EventType "swiss"]
[EventRounds "9"]
[EventCountry "ESP"]
[Source "lmi"]
[SourceDate "2009.12.01"]

1. d4 Nf6 2. c4 Nc6 3. Nc3 e5 4. d5 Ne7 5. h4 Neg8 6. Nf3 d6 7. e4 Nh6 8. Nh2
Be7 9. Be2 Nd7 10. g3 a5 11. Be3 Nc5 12. Qd2 Ng8 13. O-O-O b6 14. f3 h5 15. Qc2
Nf6 16. a3 Nfd7 17. b4 Na6 18. Qb3 g6 19. Bd3 Kf8 20. Rdg1 Kg7 21. Nf1 axb4 22.
axb4 Nf6 23. Rh2 Nb8 24. Ra2 Rxa2 25. Qxa2 c5 26. bxc5 bxc5 27. Qa7 Na6 28. Nb5
Nb4 29. Bc2 Nd7 30. Bd2 Nb6 31. Ne3 Bd7 32. Bxb4 cxb4 33. Nc7 Qb8 34. Qxb8 Rxb8
35. Na6 Rc8 36. Nxb4 Nxc4 37. Nxc4 Rxc4 38. Nd3 Ba4 39. Rg2 Bb5 40. Kb2 1/2-1/2

[Event "4. Torneo Puente Foral - Open A"]
[Site "Pamplona ESP"]
[Date "2009.12.04"]
[Round "4.2"]
[White "Zamarbide Inarrea, Daniel"]
[Black "Corral Sierra, Javier"]
[Result "0-1"]
[WhiteElo "2155"]
[BlackElo "2072"]
[PlyCount "98"]
[EventDate "2009.12.01"]
[EventType "swiss"]
[EventRounds "9"]
[EventCountry "ESP"]
[Source "lmi"]
[SourceDate "2009.12.01"]

1. e4 e5 2. Nf3 Nc6 3. Bb5 Nf6 4. O-O Nxe4 5. Re1 Nd6 6. Bxc6 dxc6 7. Nxe5 Be7
8. Qe2 Be6 9. Nd3 Nf5 10. Nf4 Nd4 11. Qd1 Bf5 12. d3 O-O 13. Nc3 Re8 14. Ne4
Bf8 15. Bd2 Qd7 16. Nh5 Kh8 17. Nhg3 Bg4 18. f3 Be6 19. Be3 f5 20. Ng5 Bg8 21.
f4 h6 22. Nf3 Nxf3+ 23. Qxf3 g6 24. Qf2 Bg7 25. c3 b6 26. d4 Bd5 27. Nf1 Re7
28. Nd2 Rae8 29. Nf3 Bxf3 30. gxf3 h5 31. Kg2 Kh7 32. Qd2 Bh6 33. Qd3 Bxf4 34.
Bf2 Rxe1 35. Rxe1 Rxe1 36. Bxe1 Qe6 37. Bd2 Bxd2 38. Qxd2 Qxa2 39. Qf4 Qf7 40.
Qe5 a5 41. Kf2 Kg8 42. Kg2 Qd7 43. Kh3 Qd6 44. Qe8+ Kg7 45. c4 g5 46. c5 bxc5
47. dxc5 g4+ 48. Kh4 Qf6+ 49. Kg3 f4+ 0-1

[Event "4. Torneo Puente Foral - Open A"]
[Site "Pamplona ESP"]
[Date "2009.12.04"]
[Round "4.3"]
[White "Mombiela Martinez, Gonzalo"]
[Black "Lopez Orois, Jose Manuel"]
[Result "1/2-1/2"]
[WhiteElo "2138"]
[BlackElo "2122"]
[PlyCount "64"]
[EventDate "2009.12.01"]
[EventType "swiss"]
[EventRounds "9"]
[EventCountry "ESP"]
[Source "lmi"]
[SourceDate "2009.12.01"]

1. d4 Nf6 2. Nc3 d5 3. Bg5 Nbd7 4. f3 c6 5. e4 dxe4 6. fxe4 Qa5 7. Bd2 e5 8.
dxe5 Nxe5 9. Nf3 Bg4 10. Be2 Bxf3 11. gxf3 Bb4 12. a3 Be7 13. Nd5 Qd8 14. Nxe7
Qxe7 15. Bb4 c5 16. Bb5+ Kf8 17. Bd2 Nxe4 18. O-O Nxd2 19. Qxd2 Rd8 20. Qf4 Rd4
21. Qg3 Nc6 22. Rfe1 Qd8 23. Re2 Rd1+ 24. Rxd1 Qxd1+ 25. Kf2 Qd4+ 26. Kg2 g6
27. Bxc6 bxc6 28. Qb8+ Kg7 29. Qxa7 Rd8 30. Qe7 Rd5 31. c3 Qf4 32. Qe3 Qxe3
1/2-1/2

[Event "4. Torneo Puente Foral - Open A"]
[Site "Pamplona ESP"]
[Date "2009.12.04"]
[Round "4.4"]
[White "Rebole Arbea, Jose Ignacio"]
[Black "Fernandez Lozano, Francesc"]
[Result "1/2-1/2"]
[WhiteElo "2236"]
[BlackElo "2109"]
[PlyCount "80"]
[EventDate "2009.12.01"]
[EventType "swiss"]
[EventRounds "9"]
[EventCountry "ESP"]
[Source "lmi"]
[SourceDate "2009.12.01"]

1. g3 Nf6 2. Bg2 d5 3. c4 c6 4. Nf3 Bg4 5. Ne5 Bh5 6. d4 e6 7. O-O Be7 8. Nd2
O-O 9. b3 Nbd7 10. Nd3 Bg6 11. Nf4 Bf5 12. Nf3 h6 13. Bb2 Qa5 14. Ne5 Ba3 15.
Qc1 Bxb2 16. Qxb2 Nxe5 17. dxe5 Nd7 18. Rfd1 Rfd8 19. cxd5 exd5 20. Rac1 Nf8
21. Rd2 Ng6 22. Nd3 Bxd3 23. Rxd3 Re8 24. f4 Qb6+ 25. Qd4 Qxd4+ 26. Rxd4 f6 27.
e6 f5 28. Bh3 Ne7 29. g4 g6 30. Rc3 fxg4 31. Bxg4 Nf5 32. Rb4 Re7 33. e4 dxe4
34. Rxe4 Rae8 35. Rd3 Kg7 36. Re5 Kf6 37. Bxf5 gxf5 38. Rh3 Kg6 39. Rg3+ Kf6
40. Rh3 Kg6 1/2-1/2

[Event "4. Torneo Puente Foral - Open A"]
[Site "Pamplona ESP"]
[Date "2009.12.04"]
[Round "4.5"]
[White "Cemborain Oricain, Alfonso"]
[Black "Vinal Gutierrez, Pedro"]
[Result "0-1"]
[WhiteElo "2012"]
[BlackElo "2130"]
[PlyCount "92"]
[EventDate "2009.12.01"]
[EventType "swiss"]
[EventRounds "9"]
[EventCountry "ESP"]
[Source "lmi"]
[SourceDate "2009.12.01"]

1. e4 e6 2. d4 d5 3. e5 c5 4. c3 Nc6 5. Nf3 Qb6 6. a3 c4 7. Nbd2 Na5 8. Be2 Bd7
9. O-O Ne7 10. Rb1 h6 11. Re1 O-O-O 12. b3 cxb3 13. c4 Ba4 14. Bb2 Kb8 15. Bc3
Nec6 16. c5 Qc7 17. Rb2 Ka8 18. Qb1 b6 19. cxb6 Qxb6 20. Qa1 Rb8 21. Bb4 Bxb4
22. axb4 Qxb4 23. Rc1 Rhc8 24. Ba6 Rc7 25. Ne1 Bb5 26. Bxb5 Rxb5 27. Nef3 Rcb7
28. Qb1 g6 29. Qd3 Qa4 30. h4 Rb4 31. Rc3 g5 32. Qh7 Qa1+ 33. Qb1 Qxb1+ 34.
Rxb1 g4 35. Ne1 Nxd4 36. Kf1 Nc4 37. Rd3 Nxe5 38. Rc3 Nc4 39. Rd3 e5 40. f3 f6
41. Kf2 h5 42. f4 Nxd2 43. Rxd2 e4 44. g3 R7b5 45. Ng2 Nf3 46. Rdd1 d4 0-1

[Event "4. Torneo Puente Foral - Open A"]
[Site "Pamplona ESP"]
[Date "2009.12.04"]
[Round "4.6"]
[White "Angeleri, Rodrigo Norberto"]
[Black "Berube, Antoine"]
[Result "1-0"]
[WhiteElo "1919"]
[BlackElo "2122"]
[PlyCount "117"]
[EventDate "2009.12.01"]
[EventType "swiss"]
[EventRounds "9"]
[EventCountry "ESP"]
[Source "lmi"]
[SourceDate "2009.12.01"]

1. e4 c5 2. Nc3 Nc6 3. Nf3 e5 4. Bc4 Be7 5. d3 Nf6 6. Nd2 O-O 7. Nf1 h6 8. Ne3
d6 9. Ncd5 Nxd5 10. Bxd5 Be6 11. h4 Bxh4 12. Qh5 Bg5 13. Bxe6 fxe6 14. Ng4 Nd4
15. Qg6 Qe8 16. Qxe8 Raxe8 17. Bxg5 hxg5 18. Kd2 g6 19. Rh6 Kg7 20. Rah1 Rh8
21. Rh7+ Rxh7 22. Rxh7+ Kxh7 23. Nf6+ Kh6 24. Nxe8 d5 25. exd5 exd5 26. Nf6 Ne6
27. Nxd5 Nf4 28. Ne3 Kh5 29. Ke1 g4 30. g3 Ne6 31. Nc4 Nd4 32. c3 Nc6 33. Ke2
Kg5 34. Ke3 Kf6 35. Ke4 Ke6 36. Ne3 Nd8 37. Nxg4 Nf7 38. f4 exf4 39. Kxf4 g5+
40. Kf3 b5 41. Ne3 b4 42. cxb4 cxb4 43. Ke4 a5 44. Nc4 a4 45. d4 Nd8 46. d5+
Kf6 47. Nb6 Nb7 48. g4 Nc5+ 49. Kd4 a3 50. bxa3 b3 51. axb3 Nxb3+ 52. Kc4 Nd2+
53. Kb5 Ke7 54. d6+ Kd8 55. a4 Ne4 56. Kc6 Nf6 57. a5 Nxg4 58. a6 Ne5+ 59. Kb7
1-0

[Event "4. Torneo Puente Foral - Open A"]
[Site "Pamplona ESP"]
[Date "2009.12.04"]
[Round "4.7"]
[White "Hernandorena De La Cruz, Egoi"]
[Black "Saenz Narciso, Miguel Angel"]
[Result "1-0"]
[WhiteElo "2022"]
[BlackElo "2138"]
[PlyCount "67"]
[EventDate "2009.12.01"]
[EventType "swiss"]
[EventRounds "9"]
[EventCountry "ESP"]
[Source "lmi"]
[SourceDate "2009.12.01"]

1. e4 c5 2. Nc3 Nc6 3. f4 g6 4. Nf3 Bg7 5. Bc4 e6 6. O-O Nge7 7. e5 d5 8. exd6
Qxd6 9. Ne4 Qd8 10. d3 O-O 11. a3 b6 12. Rb1 Nd5 13. Qe1 Bb7 14. Neg5 Nce7 15.
Ne5 h6 16. Ngf3 Qd6 17. b4 cxb4 18. axb4 b5 19. Bxd5 Qxd5 20. c4 Qd6 21. Be3
Rfd8 22. Bc5 Qc7 23. Nd4 Nc6 24. Nxb5 Qb8 25. Nxg6 a6 26. f5 axb5 27. f6 fxg6
28. Qxe6+ Kh7 29. fxg7 Rg8 30. Rf8 Rxg7 31. Rxb8 Rxb8 32. cxb5 Nd8 33. Qe5 Ra8
34. Bd4 1-0

[Event "4. Torneo Puente Foral - Open A"]
[Site "Pamplona ESP"]
[Date "2009.12.04"]
[Round "4.8"]
[White "Monje Peinado, Roberto"]
[Black "Sola Plaza, Gregorio"]
[Result "1/2-1/2"]
[WhiteElo "2022"]
[BlackElo "2036"]
[PlyCount "134"]
[EventDate "2009.12.01"]
[EventType "swiss"]
[EventRounds "9"]
[EventCountry "ESP"]
[Source "lmi"]
[SourceDate "2009.12.01"]

1. d4 d5 2. c4 c6 3. Nf3 Nf6 4. Nc3 a6 5. cxd5 cxd5 6. Bf4 Nc6 7. e3 Bf5 8. Ne5
e6 9. Qb3 Ra7 10. Be2 Be7 11. Nxc6 bxc6 12. O-O O-O 13. Rac1 c5 14. dxc5 Bxc5
15. Rfd1 Bd6 16. Bg5 h6 17. Bxf6 gxf6 18. Nxd5 Be5 19. Nb6 Qb8 20. Nd7 Qxb3 21.
axb3 Bxb2 22. Rc6 Be4 23. Rxa6 Rxa6 24. Bxa6 Ra8 25. Nc5 Bd5 26. Bb7 Bxb7 27.
Nxb7 Ra7 28. Nc5 Ba3 29. Ne4 f5 30. Nc3 Rb7 31. Rb1 Kg7 32. g3 e5 33. Na2 Bd6
34. b4 f4 35. e4 fxg3 36. hxg3 h5 37. Kf1 f5 38. f3 f4 39. gxf4 exf4 40. b5 Be5
41. Nc1 Bd4 42. Nd3 Be3 43. b6 Kf6 44. Rb5 Rxb6 45. Rxb6+ Bxb6 46. Nxf4 Kg5 47.
Nd5 Bd4 48. Kg2 Be5 49. Kf2 h4 50. Kg2 Bd6 51. Ne3 Bc7 52. Nf5 Bb6 53. Kh2 Ba7
54. Kh3 Bf2 55. Kg2 Ba7 56. Ng7 Kf4 57. Ne6+ Ke5 58. Ng5 Kd4 59. Nh3 Ke3 60. e5
Bc5 61. Ng5 Be7 62. Nh3 Bd8 63. f4 Ke4 64. Kf2 Bb6+ 65. Ke2 Kf5 66. Kf3 Bc7 67.
Nf2 Bxe5 1/2-1/2

[Event "4. Torneo Puente Foral - Open A"]
[Site "Pamplona ESP"]
[Date "2009.12.04"]
[Round "4.9"]
[White "Aguinaga Ruiz, Jesus Luis"]
[Black "Mundaca Alvarez, Juan Carlos"]
[Result "0-1"]
[WhiteElo "2007"]
[BlackElo "2157"]
[PlyCount "85"]
[EventDate "2009.12.01"]
[EventType "swiss"]
[EventRounds "9"]
[EventCountry "ESP"]
[Source "lmi"]
[SourceDate "2009.12.01"]

1. Nf3 Nf6 2. d4 d5 3. Bg5 Ne4 4. Bf4 c6 5. e3 Bf5 6. Bd3 e6 7. O-O Be7 8. c4
Nd7 9. cxd5 exd5 10. Nc3 g5 11. Bg3 h5 12. h3 Nxg3 13. fxg3 Be6 14. e4 g4 15.
exd5 cxd5 16. Ne5 Nxe5 17. dxe5 Qb6+ 18. Kh2 O-O-O 19. h4 Kb8 20. Qe2 Rc8 21.
a4 Qd8 22. Qf2 Rg8 23. Kh1 Bc5 24. Qf4 Qb6 25. Nb5 a6 26. a5 Qd8 27. Nd4 Qe7
28. Nc2 Ba7 29. b4 Rc3 30. Qd2 Rgc8 31. Rfe1 Bd7 32. Ra3 d4 33. Rxc3 Rxc3 34.
e6 fxe6 35. Be4 e5 36. Kh2 Qd6 37. Qg5 Ka8 38. Qg8+ Bb8 39. Qg5 Bc6 40. Qg6
Bxe4 41. Qxe4 Qc6 42. Qxc6 bxc6 43. Rd1 0-1

[Event "4. Torneo Puente Foral - Open A"]
[Site "Pamplona ESP"]
[Date "2009.12.05"]
[Round "5.1"]
[White "Corral Sierra, Javier"]
[Black "Leranoz Zabalza, Adrian"]
[Result "1-0"]
[WhiteElo "2072"]
[BlackElo "2091"]
[PlyCount "66"]
[EventDate "2009.12.01"]
[EventType "swiss"]
[EventRounds "9"]
[EventCountry "ESP"]
[Source "lmi"]
[SourceDate "2009.12.01"]

1. Nf3 Nf6 2. c4 e6 3. g3 d5 4. Bg2 Bd6 5. d4 c6 6. Qc2 O-O 7. O-O Nbd7 8. Nbd2
Bc7 9. Rd1 Nh5 10. e4 Nb6 11. b3 f5 12. exf5 exf5 13. Ba3 Rf6 14. Re1 Be6 15.
Ng5 Qd7 16. c5 Nc8 17. Ndf3 g6 18. Qe2 Ng7 19. Ne5 Qd8 20. Bc1 Ba5 21. Bd2 Bxd2
22. Qxd2 f4 23. Nxe6 Nxe6 24. Ng4 f3 25. Nxf6+ Qxf6 26. Bxf3 Nxd4 27. Bg2 Kf7
28. Rad1 Nf5 29. Bxd5+ Kg7 30. Re6 Qf8 31. Qc3+ Kh6 32. Rf6 Qd8 33. Bf3 Qc7 1-0

[Event "4. Torneo Puente Foral - Open A"]
[Site "Pamplona ESP"]
[Date "2009.12.05"]
[Round "5.2"]
[White "Lopez Orois, Jose Manuel"]
[Black "Olazagoitia Rodriguez, Jose"]
[Result "0-1"]
[WhiteElo "2122"]
[BlackElo "2189"]
[PlyCount "44"]
[EventDate "2009.12.01"]
[EventType "swiss"]
[EventRounds "9"]
[EventCountry "ESP"]
[Source "lmi"]
[SourceDate "2009.12.01"]

1. e4 d6 2. Bc4 Nf6 3. Qe2 e5 4. Nf3 Be7 5. d4 exd4 6. Nxd4 O-O 7. O-O c6 8. a4
Nbd7 9. Nc3 Ne5 10. Ba2 Qa5 11. h3 Bd7 12. f4 Ng6 13. Be3 Rae8 14. Nb3 Qb4 15.
Qd3 Bd8 16. Nd2 Bc7 17. Bb3 d5 18. Na2 dxe4 19. Bxf7+ Rxf7 20. Qxd7 Nxd7 21.
Nxb4 Nxf4 22. Nc4 Ne2+ 0-1

[Event "4. Torneo Puente Foral - Open A"]
[Site "Pamplona ESP"]
[Date "2009.12.05"]
[Round "5.3"]
[White "Vinal Gutierrez, Pedro"]
[Black "Mombiela Martinez, Gonzalo"]
[Result "1/2-1/2"]
[WhiteElo "2130"]
[BlackElo "2138"]
[PlyCount "99"]
[EventDate "2009.12.01"]
[EventType "swiss"]
[EventRounds "9"]
[EventCountry "ESP"]
[Source "lmi"]
[SourceDate "2009.12.01"]

1. d4 d5 2. Nf3 c6 3. c3 e6 4. Bg5 f6 5. Bf4 Bd6 6. Bxd6 Qxd6 7. Nbd2 f5 8. Ne5
Nf6 9. e3 Nbd7 10. f4 O-O 11. Bd3 Ne4 12. Nxd7 Bxd7 13. Nf3 b5 14. Bxe4 fxe4
15. Ne5 Be8 16. b4 a5 17. a3 a4 18. Qg4 Ra7 19. Ra2 Qe7 20. Rf2 Rc7 21. g3 Rf6
22. h4 Rf8 23. h5 Qf6 24. Qh4 Qxh4 25. Rxh4 Re7 26. g4 Bd7 27. Kf1 Rf6 28. Kg2
Rf8 29. Kg3 Rf6 30. Rg2 Rf8 31. h6 g6 32. Rh1 Rf6 33. Kh4 Rf8 34. Kg5 Be8 35.
Rf2 Rc7 36. Rhf1 Re7 37. Rc1 Rc7 38. Rcf1 Re7 39. Kh4 Rc7 40. g5 Bd7 41. Kg3
Be8 42. Ng4 Bd7 43. Nf6+ Kh8 44. f5 exf5 45. Kf4 Bc8 46. Ke5 Rd8 47. Kf4 Re7
48. Kg3 Be6 49. Kh4 Rc7 50. Kg3 1/2-1/2

[Event "4. Torneo Puente Foral - Open A"]
[Site "Pamplona ESP"]
[Date "2009.12.05"]
[Round "5.4"]
[White "Rebole Arbea, Jose Ignacio"]
[Black "Angeleri, Rodrigo Norberto"]
[Result "0-1"]
[WhiteElo "2236"]
[BlackElo "1919"]
[PlyCount "64"]
[EventDate "2009.12.01"]
[EventType "swiss"]
[EventRounds "9"]
[EventCountry "ESP"]
[Source "lmi"]
[SourceDate "2009.12.01"]

1. g3 c5 2. Bg2 g6 3. c4 Bg7 4. Nc3 Nc6 5. d3 e6 6. e4 Nge7 7. Nge2 d6 8. O-O
O-O 9. Be3 Nd4 10. Qd2 Re8 11. Bh6 Bh8 12. Nxd4 Bxd4 13. Ne2 Nc6 14. Nxd4 Nxd4
15. f4 f6 16. g4 f5 17. h3 Qc7 18. Rae1 Bd7 19. Re3 Bc6 20. Rg3 Qe7 21. Bg5 Qd7
22. Bf6 Rf8 23. g5 Rae8 24. h4 Rxf6 25. gxf6 Qf7 26. h5 Qxf6 27. hxg6 hxg6 28.
e5 dxe5 29. Bxc6 bxc6 30. fxe5 Qxe5 31. Rxg6+ Kf7 32. Qh6 Rh8 0-1

[Event "4. Torneo Puente Foral - Open A"]
[Site "Pamplona ESP"]
[Date "2009.12.05"]
[Round "5.5"]
[White "Zamarbide Inarrea, Daniel"]
[Black "Hernandorena De La Cruz, Egoi"]
[Result "1/2-1/2"]
[WhiteElo "2155"]
[BlackElo "2022"]
[PlyCount "42"]
[EventDate "2009.12.01"]
[EventType "swiss"]
[EventRounds "9"]
[EventCountry "ESP"]
[Source "lmi"]
[SourceDate "2009.12.01"]

1. e4 e5 2. Nf3 Nc6 3. Bb5 a6 4. Bxc6 dxc6 5. d3 Bd6 6. O-O Ne7 7. Be3 O-O 8.
d4 Ng6 9. c3 Qe7 10. dxe5 Nxe5 11. Nxe5 Qxe5 12. f4 Qxe4 13. Re1 Be6 14. Nd2
Qf5 15. Qf3 Bd5 16. Qf2 f6 17. c4 Bf7 18. b3 Rfe8 19. Nf1 Rad8 20. Ng3 Qc8 21.
Qf3 Bb4 1/2-1/2

[Event "4. Torneo Puente Foral - Open A"]
[Site "Pamplona ESP"]
[Date "2009.12.05"]
[Round "5.6"]
[White "Mundaca Alvarez, Juan Carlos"]
[Black "Sola Plaza, Gregorio"]
[Result "1-0"]
[WhiteElo "2157"]
[BlackElo "2036"]
[PlyCount "49"]
[EventDate "2009.12.01"]
[EventType "swiss"]
[EventRounds "9"]
[EventCountry "ESP"]
[Source "lmi"]
[SourceDate "2009.12.01"]

1. e4 e5 2. Nc3 Nf6 3. g3 Bc5 4. Bg2 O-O 5. d3 d6 6. Na4 Be6 7. Nxc5 dxc5 8.
Be3 b6 9. Nf3 Nc6 10. h3 Ne8 11. O-O f6 12. b3 Qe7 13. Nh4 g5 14. Nf5 Qd7 15.
f4 gxf4 16. gxf4 Rd8 17. Nh6+ Kh8 18. f5 Bf7 19. Kh2 Ne7 20. Rg1 Ng7 21. Bf3
Be8 22. Qe1 Ng8 23. Qh4 Qe7 24. Rg2 Nxh6 25. Bxh6 1-0

[Event "4. Torneo Puente Foral - Open A"]
[Site "Pamplona ESP"]
[Date "2009.12.05"]
[Round "5.7"]
[White "Berube, Antoine"]
[Black "Monje Peinado, Roberto"]
[Result "1-0"]
[WhiteElo "2122"]
[BlackElo "2022"]
[PlyCount "43"]
[EventDate "2009.12.01"]
[EventType "swiss"]
[EventRounds "9"]
[EventCountry "ESP"]
[Source "lmi"]
[SourceDate "2009.12.01"]

1. d4 Nf6 2. c4 c5 3. d5 e6 4. Nc3 exd5 5. cxd5 d6 6. e4 g6 7. f4 Bg7 8. e5
dxe5 9. fxe5 Nfd7 10. e6 Ne5 11. Bb5+ Kf8 12. Nf3 Nxf3+ 13. Qxf3 f5 14. O-O Na6
15. g4 Bd4+ 16. Kh1 Kg7 17. gxf5 Nc7 18. fxg6 Rf8 19. Bh6+ Kxh6 20. Qh3+ Kg5
21. Ne4+ Kxg6 22. Rg1+ 1-0

[Event "4. Torneo Puente Foral - Open A"]
[Site "Pamplona ESP"]
[Date "2009.12.05"]
[Round "5.8"]
[White "Cemborain Oricain, Alfonso"]
[Black "Aguinaga Ruiz, Jesus Luis"]
[Result "1-0"]
[WhiteElo "2012"]
[BlackElo "2007"]
[PlyCount "74"]
[EventDate "2009.12.01"]
[EventType "swiss"]
[EventRounds "9"]
[EventCountry "ESP"]
[Source "lmi"]
[SourceDate "2009.12.01"]

1. e4 Nc6 2. Nf3 Nf6 3. e5 Ng4 4. d4 d6 5. h3 Nh6 6. Nc3 Bf5 7. g4 Bg6 8. e6
fxe6 9. Ng5 Bf7 10. d5 exd5 11. Nxf7 Nxf7 12. Qxd5 Qd7 13. Bc4 Nfe5 14. Bb3
O-O-O 15. f4 e6 16. Qe4 d5 17. Qe2 Nd4 18. Qf2 Nef3+ 19. Kf1 Be7 20. h4 Bd6 21.
Be3 Rhf8 22. f5 c5 23. Nxd5 exd5 24. Bxd5 Qc7 25. Bxf3 Bg3 26. Qg2 Rfe8 27. Bg5
Qe5 28. Bxb7+ Kb8 29. Bd2 Nxc2 30. Bc6 Re7 31. Rc1 Rde8 32. Qf3 Nd4 33. Qa3 Rc7
34. Rh3 Bf4 35. Qd3 Bxd2 36. Qxd2 Rce7 37. Rhc3 Rc7 1-0

[Event "4. Torneo Puente Foral - Open A"]
[Site "Pamplona ESP"]
[Date "2009.12.06"]
[Round "6.1"]
[White "Olazagoitia Rodriguez, Jose"]
[Black "Corral Sierra, Javier"]
[Result "0-1"]
[WhiteElo "2189"]
[BlackElo "2072"]
[PlyCount "110"]
[EventDate "2009.12.01"]
[EventType "swiss"]
[EventRounds "9"]
[EventCountry "ESP"]
[Source "lmi"]
[SourceDate "2009.12.01"]

1. d4 Nf6 2. c4 c5 3. d5 b5 4. cxb5 a6 5. b6 e6 6. Nc3 exd5 7. Nxd5 Nxd5 8.
Qxd5 Nc6 9. Bg5 Be7 10. Bxe7 Qxe7 11. Rc1 Rb8 12. Qxc5 Qxc5 13. Rxc5 Rxb6 14.
b3 d6 15. Rc3 Be6 16. e4 Nb4 17. a3 Na2 18. Re3 a5 19. Bc4 Bxc4 20. bxc4 Rb1+
21. Kd2 Ke7 22. Re1 Rxe1 23. Kxe1 Rb8 24. f3 Rb1+ 25. Kf2 Nc3 26. h4 Nd1+ 27.
Ke2 Nb2 28. Kf2 Nxc4 29. Rh3 Nxa3 30. f4 Nb5 31. Ne2 a4 32. Nc3 a3 33. Nxb5 a2
34. Ra3 a1=Q 35. Rxa1 Rxa1 36. Nd4 g6 37. Kf3 h5 38. Ke3 Ra3+ 39. Kf2 Rd3 40.
Nf3 f5 41. e5 d5 42. Ng5 Rd2+ 43. Kf1 Rd4 44. g3 Rd3 45. Kf2 Rd2+ 46. Ke3 Rg2
47. Kf3 Ra2 48. Nh3 Ra3+ 49. Kf2 Ra2+ 50. Kf3 d4 51. Nf2 Rd2 52. Nh3 Ke6 53.
Ng5+ Kd5 54. Nf7 Ra2 55. Nh8 Ke6 0-1

[Event "4. Torneo Puente Foral - Open A"]
[Site "Pamplona ESP"]
[Date "2009.12.06"]
[Round "6.2"]
[White "Leranoz Zabalza, Adrian"]
[Black "Angeleri, Rodrigo Norberto"]
[Result "0-1"]
[WhiteElo "2091"]
[BlackElo "1919"]
[PlyCount "36"]
[EventDate "2009.12.01"]
[EventType "swiss"]
[EventRounds "9"]
[EventCountry "ESP"]
[Source "lmi"]
[SourceDate "2009.12.01"]

1. e4 c5 2. Nf3 d6 3. d4 cxd4 4. c3 Nf6 5. e5 dxe5 6. Nxe5 Nbd7 7. Qa4 e6 8.
cxd4 Bd6 9. Bf4 O-O 10. Nc3 Nb6 11. Qc2 Nbd5 12. Bg3 Bd7 13. Nxf7 Rxf7 14. Bxd6
Bc6 15. Bg3 Rc8 16. Rd1 Qa5 17. Rc1 Ne4 18. Bd3 Ba4 0-1